LEADER 02480cam a2200481 i 4500 001 991003505669707536 008 021218m20032009ne a 000 0 eng d 020 $a0121822702 (v.367) 020 $a0121822753 (v.372) 020 $a0121822761 (v.373) 020 $a0121827925 (v.387) 020 $a0121827968 (v.391) 020 $a9780123749697 (v.464) 020 $a9780123813794 (v.465) 035 $ab11821838-39ule_inst 040 $aBiblioteca Interfacoltà$bita 245 00$aLiposomes /$cedited by Nejat Duzgunes 260 $aAmsterdam ;$aBoston :$bElsevier Academic Press,$cc2003-2009 300 $a7 v. :$bill. ;$c24 cm 490 0 $aMethods in Enzymology ;$v367 490 0 $aMethods in Enzymology ;$v372 490 0 $aMethods in Enzymology ;$v373 490 0 $aMethods in Enzymology ;$v387 490 0 $aMethods in Enzymology ;$v391 490 0 $aMethods in Enzymology ;$v464 490 0 $aMethods in Enzymology ;$v465 504 $aInclude referenze bibliografiche ed indici 505 $aParts A - G. - (2003-2009) 650 4$aLiposomi 650 4$aProteine 700 1 $aDuzgunes, Nejat 907 $a.b11821838$b27-04-17$c18-12-02 912 $a991003505669707536 945 $aLE002 Coll. 21.367 [dislocato c/o Biblioteca DiSTeBA]$cPt. A $g1$i2002000265876 $lle003$op$pE0.00$q-$rl$s- $t0$u0$v0$w0$x0$y.i13057893$z16-01-04 945 $aLE002 Coll. 21.372 [dislocato c/o Biblioteca DiSTeBA]$cPt. B $g1$i2002000288554 $lle003$op$pE0.00$q-$rl$s- $t0$u0$v0$w0$x0$y.i1304915x$z30-12-03 945 $aLE002 Coll. 21.373 [dislocato c/o Biblioteca DiSTeBA]$cPt. C $g1$i2002000266095 $lle003$op$pE0.00$q-$rl$s- $t0$u0$v0$w0$x0$y.i13115923$z24-02-04 945 $aLE002 Coll. 21.387 [dislocato c/o Biblioteca DiSTeBA]$cPt. D $g1$i2002000387325 $lle003$o-$pE148.25$q-$rl$s- $t0$u0$v0$w0$x0$y.i13836870$z09-09-04 945 $aLE002 Coll. 21.391 [dislocato c/o Biblioteca DiSTeBA]$cPt. E $g1$i2002000387394 $lle003$o-$pE149.72$q-$rl$s- $t0$u0$v0$w0$x0$y.i14051722$z15-04-05 945 $aLE002 Coll. 21.464 [dislocato c/o Biblioteca DiSTeBA]$cPt. F$g1$i2002000609816$lle003$op$pE101.91$q-$rl$s- $t0$u0$v0$w0$x0$y.i15082131$z23-02-10 945 $aLE002 Coll. 21.465 [dislocato c/o Biblioteca DiSTeBA]$cPt. G$g1$i2002000609823$lle003$op$pE101.91$q-$rl$s- $t0$u0$v0$w0$x0$y.i15082155$z23-02-10 996 $aLiposomes$983649 997 $aUNISALENTO 998 $ale003$b30-12-03$cm$da $e-$feng$gne $h0$i1